特急待避のあるJR駅 - Statistics

General Stats
  • This quiz has been taken 197 times
    178 since last reset
  • The average score is 41 of 216
Answer Stats
Answer % Correct
三鷹
55%
我孫子
51%
国分寺
51%
市川
50%
ひたち野うしく
50%
松戸
50%
大船
47%
平塚
47%
龍ケ崎市
46%
取手
45%
北千住
44%
佐倉
44%
高尾
44%
千葉
44%
土浦
44%
北広島
43%
千歳
43%
津田沼
43%
豊田
43%
武蔵小金井
43%
横浜
43%
海浜幕張
41%
大月
40%
鴻巣
40%
相模湖
40%
中野
40%
石岡
39%
塩山
39%
成田
39%
堅田
39%
小田原
38%
四街道
38%
近江今津
38%
籠原
37%
四方津
37%
神立
35%
東小金井
34%
山梨市
34%
高蔵寺
34%
葛西臨海公園
33%
尾張一宮
33%
近江塩津
33%
甲斐大和
32%
高浜
32%
江別
31%
国立
31%
新浦安
31%
新習志野
31%
根府川
31%
羽鳥
31%
近江舞子
31%
東岸和田
29%
日根野
29%
福間
29%
内原
28%
大津港
28%
南福岡
28%
北本
27%
東海
27%
蓮田
27%
富士見
27%
竜王
27%
和泉府中
27%
27%
赤間
27%
誉田
26%
宮原
26%
新守山
26%
土岐市
26%
二日市
25%
久喜
24%
日野春
24%
上松
24%
神領
24%
熊取
24%
白岡
23%
神保原
23%
瑞浪
23%
大津京
23%
大久保
22%
加古川
22%
端岡
22%
サッポロビール庭園
21%
千葉みなと
21%
吹上
21%
和泉砂川
21%
スペースワールド
21%
八幡
21%
古賀
20%
上野幌
19%
近江長岡
18%
坂下
18%
おごと温泉
18%
嵯峨嵐山
18%
新三田
18%
杉本町
18%
鶴ケ丘
18%
西明石
18%
宇佐
18%
遠賀川
18%
竹下
18%
箱崎
18%
原田
18%
基山
17%
沼ノ端
16%
青柳
16%
本納
16%
総社
16%
根雨
16%
福工大前
16%
柳ケ浦
16%
大沼
15%
奈良井
15%
川西池田
15%
胡麻
15%
能登川
15%
城野
15%
千早
15%
由比
14%
安曇川
14%
上野芝
14%
生山
14%
土山
14%
伊予北条
14%
坪尻
14%
亀川
14%
吉野ケ里公園
14%
厚別
13%
御着
13%
苅田
13%
島松
12%
幌向
12%
明科
12%
瀬戸
12%
東加古川
12%
杵築
12%
新田原
12%
白川口
11%
オレンジタウン
11%
新改
11%
宇島
11%
神埼
11%
中山香
11%
弥生が丘
10%
幌別
8%
豪渓
8%
東貝塚
8%
湯浅
8%
和知
8%
池谷
8%
伊予土居
8%
大神
8%
井倉
7%
長滝
7%
日吉
7%
鴨川
7%
三津浜
7%
萩野
6%
羽生田
6%
高茶屋
6%
藪原
6%
浦安
6%
6%
御来屋
6%
讃岐財田
6%
讃岐津田
6%
幕別
5%
久々野
5%
下麻生
5%
赤碕
5%
荒島
5%
荘原
5%
南部
5%
石井
5%
伊予中山
5%
大西
5%
北伊予
5%
土佐一宮
5%
中原
5%
角館
4%
雫石
4%
青谷
4%
仁万
4%
由良
4%
伊予亀岡
4%
府中
4%
造田
4%
赤井川
3%
厚内
3%
新吉野
3%
印南
3%
江尾
3%
紀伊由良
3%
美袋
3%
伊予石城
3%
牛島
3%
繁藤
3%
美々津
3%
竹浦
2%
越後寒川
2%
黒山
2%
佐々木
2%
新崎
2%
間島
2%
津幡
2%
宝木
2%
淀江
2%
和佐
2%
粟井
2%
大浦
2%
鶴羽
2%
西佐川
2%
箸蔵
2%
堀江
2%
宝達
1%
石槌山
1%
No matching quizzes found
Score Distribution
Percent of People with Each Score
Percentile by Number Answered
Your Score History
You have not taken this quiz since the last reset